| 000 | 01188nam0a22002771 4500 | ||
|---|---|---|---|
| 001 | rc\224141 | ||
| 005 | 20250621003346.0 | ||
| 010 |
_a5-280-01822-8 _9500000 |
||
| 035 | _a(NLR Aleph) 005477941 | ||
| 090 |
_a5101247 _c5101247 |
||
| 100 | _a20030307d1990 |||y0rusy50 ca | ||
| 101 | 0 | _arus | |
| 102 | _aRU | ||
| 105 | _ay ||||||||| | ||
| 200 | 1 |
_aЮмористические рассказы _aИз "Всеобщей истории, обработанной "Сатириконом" _fН.А. Тэффи _g[Вступ. ст., сост., подгот. текста, коммент. Д.Д. Николаева] |
|
| 210 |
_aМ. _cХудож. лит. _d1990 |
||
| 215 |
_a414, [1] с. _d21 |
||
| 327 | 0 | _aВ прил.: Из кн. "Семь огней"; Женский вопрос: Фантаст. шутка в 1 д. | |
| 464 | 0 |
_12001#$aИз кн. "Семь огней" _tИз кн. "Семь огней" |
|
| 464 | 0 |
_12001#$aЖенский вопрос _tЖенский вопрос |
|
| 700 | 1 |
_aТэффи _bН.А. _f1872-1952 _gНадежда Александровна |
|
| 801 | 0 |
_aRU _bNLR _gpsbo |
|
| 801 | 1 |
_aRU _bELAR _2rusmarc |
|
| 852 |
_aNLR _j90-3/6395 |
||
| 942 | _cBOOK | ||
| 980 | _aNB | ||